01710cam a22004574i 4500003000900000005001700009008004100026020001500067035002700082040003300109049000900142082002000151100004200171245006100213264005800274300003800332336002100370337002500391338002300416505005400439526001000493526001000503526001000513526001000523526000800533526000800541526000800549526000800557526000800565526000800573526000800581630004500589910001800634942001400652949015500666994001400821596000600835999017500841980005501016952018101071PE-LiUPU20250731173456.0150616s1984 miu r 000 0 spa d a0825422892 a(Sirsi) i9780825422898 aPE-LiUPUbspacPE-LiUPUerda aPRUA04a228.07bB912211 aBullinger, Ethelbert William,eautor.10aCommentary on Revelation /cEthelbert William Bullinger. 1aGrand Rapids, Michigan :bKregel Publications,c1984. a734 páginas ;c22 centímetros atext2rdacontent aunmediated2rdamedia avolume2rdacarrier0 aComentarios del Libro de Apocalipsis apocalipsis. aSEG42 aSEG41 aSEG40 aSEG39 aP94 aP87 aP86 aP85 aP77 aP76 aP35 aBiblia.pN.T.pApocalipsisxComentarios. ajckbjvqcjck 2ddccBOOK a228.07 B91wDEWEYc1i39981d2016-6-14e2016-6-12lCCODEBUL1mBULn2r0sYtBOOKu2015-6-16xTEOLOGIAzUNKNOWN0COMPRAo.STAFF. Colección Teología aC0bPEPRU a1 a228.07 B91wDEWEYc57758i39981d57758e2018-5-14f2021-11-9g5lCCODEBUL1mBULn5p25.00q3r0sYtBOOKu2015-6-16xTEOLOGIAPP350COMPRAo.STAFF. Colección Teología 81gALBERTO SANCHEZ Responsable de Automatización r2025-12-03 00:00:00i6l7o228.07 B91p39981s2022-12-07te1v30.00w2015-06-16xFTyBKzinventario-2023-12-13102ddc50708GENfP35aBULbBULcGENd2015-06-16eCOMPRAg25.00